| 000 | 01465nam a2200397 i 4500 | ||
|---|---|---|---|
| 001 | 197775 | ||
| 003 | ES-MaACL | ||
| 005 | 20250910063136.0 | ||
| 008 | 250509s1994 sp | |||| ||spa | ||
| 016 | 7 |
_abimoBNE19940126762 _2SpMaBN |
|
| 017 |
_aB 148-1994 _bOficina Depósito Legal Barcelona |
||
| 020 | _a8423633942 | ||
| 035 | _a(OCoLC)434105196 | ||
| 035 | _a(SpMaBN)bimo0000402438 | ||
| 040 |
_aSpMaBN _bspa _cSpMaBN _erdc |
||
| 080 | _a087.5:82 | ||
| 100 | 1 |
_aBertran, Xavier, _d1945- _9241512 _eaut |
|
| 240 | 1 | 3 |
_aEl veí prohibit _lEspañol |
| 245 | 1 | 3 |
_aEl vecino prohibido / _cXavier Bertran ; [ilustraciones, Ana G. Lartitegui]. |
| 260 |
_aBarcelona : _bEdebé, _cD.L. 1994. |
||
| 300 |
_a132 páginas : _bilustrado blanco y negro ; _c20 cm. |
||
| 336 |
_2rdacontent _atexto |
||
| 337 |
_2rdamedia _asin mediación |
||
| 338 |
_2rdacarrier _avolumen |
||
| 490 | 1 |
_aPeriscopio (Edebé) ; _v16 |
|
| 655 | 0 |
_9234319 _aNovelas |
|
| 655 | 7 |
_2tgfbne _9193653 _aLibros ilustrados |
|
| 700 |
_aLartitegui, Ana G., _d1961- _9241513 _eill |
||
| 852 |
_aES-MaACL _cDEPOJ _jN-10646 _hDonación: José Lázaro García _xEncuadernación rústica _9206769 |
||
| 903 |
_9234219 _aLázaro García, José _ednr |
||
| 942 |
_cMONOGRAFIA _n0 |
||
| 999 |
_c197775 _d197775 |
||